[Event "18. Open de Sants Hostafrancs 2016"]
[Site "Barcelona ESP"]
[Date "2016.08.19"]
[Round "1.52"]
[White "Fernandez, Fernando"]
[Black "Alquist, Erik"]
[Result "1-0"]
[WhiteElo "2406"]
[BlackElo "2058"]
[PlyCount "49"]
[EventDate "2016.08.19"]
[EventType "swiss"]
[EventRounds "10"]
[EventCountry "ESP"]
[SourceTitle "Ajedrez en Madrid"]
[Source "lmi"]
[SourceDate "2016.08.19"]

1. d4 Nf6 2. Bf4 g6 3. Nc3 Bg7 4. e4 d6 5. Qd2 c6 6. Bh6 Bxh6 7. Qxh6 b5 8. e5
dxe5 9. dxe5 b4 10. Qg7 Rf8 11. exf6 bxc3 12. bxc3 exf6 13. Bd3 Be6 14. Ne2 Nd7
15. Nd4 Qa5 16. O-O Qxc3 17. Nxe6 fxe6 18. Qxh7 Ne5 19. Bxg6+ Nxg6 20. Qxg6+
Ke7 21. Rab1 Rg8 22. Qh7+ Kd6 23. Rfd1+ Ke5 24. Rb3 Rad8 25. Qh5+ 1-0

[Event "18. Open de Sants Hostafrancs 2016"]
[Site "Barcelona ESP"]
[Date "2016.08.19"]
[Round "1.55"]
[White "Vargas, Gabriela"]
[Black "Lapshun, Yury"]
[Result "0-1"]
[WhiteElo "2050"]
[BlackElo "2396"]
[PlyCount "92"]
[EventDate "2016.08.19"]
[EventType "swiss"]
[EventRounds "10"]
[EventCountry "ESP"]
[SourceTitle "Ajedrez en Madrid"]
[Source "lmi"]
[SourceDate "2016.08.19"]

1. d4 Nf6 2. Bg5 e6 3. e3 b6 4. Bd3 Bb7 5. Nf3 c5 6. c3 Be7 7. Nbd2 d6 8. O-O
Nbd7 9. Re1 O-O 10. a4 a6 11. e4 h6 12. Bxf6 Nxf6 13. Nf1 Qc7 14. Ng3 Rfd8 15.
Qe2 Bf8 16. Rad1 Bc6 17. Bxa6 Nxe4 18. Nxe4 Bxe4 19. Bb5 d5 20. Ne5 Bd6 21. h3
Bf5 22. Nc6 Rdc8 23. c4 dxc4 24. Qxc4 cxd4 25. Qxd4 Bc5 26. Qd7 Bc2 27. Qxc7
Rxc7 28. Rd8+ Rxd8 29. Nxd8 Bb3 30. Nc6 Bd5 31. Ne5 Bd4 32. Nd3 Rc2 33. b4 f6
34. Kf1 Bc3 35. Rd1 g5 36. f3 Kf7 37. Rb1 h5 38. Nf2 f5 39. Be2 Ke7 40. Bd3 Ra2
41. Bb5 g4 42. hxg4 hxg4 43. Rc1 gxf3 44. gxf3 Bd4 45. Rc7+ Kf6 46. Be2 Bxf3
0-1

[Event "18. Open de Sants Hostafrancs 2016"]
[Site "Barcelona ESP"]
[Date "2016.08.19"]
[Round "1.56"]
[White "Aguero Jimenez, Luis Lazaro"]
[Black "Sagues Andreu, Xavier"]
[Result "1-0"]
[WhiteElo "2388"]
[BlackElo "2045"]
[PlyCount "79"]
[EventDate "2016.08.19"]
[EventType "swiss"]
[EventRounds "10"]
[EventCountry "ESP"]
[SourceTitle "Ajedrez en Madrid"]
[Source "lmi"]
[SourceDate "2016.08.19"]

1. Nf3 c5 2. c4 b6 3. g3 Bb7 4. Bg2 Nf6 5. Nc3 g6 6. O-O Bg7 7. Re1 d6 8. e4
Nc6 9. d3 O-O 10. h3 e5 11. Nh2 Nd4 12. Bg5 h6 13. Be3 Kh7 14. Qd2 Rb8 15. g4
Ng8 16. Nd5 Bxd5 17. cxd5 g5 18. h4 f6 19. h5 Rf7 20. Bf3 Rc7 21. Rec1 Rbc8 22.
Bd1 Qd7 23. Nf1 Ne7 24. Ng3 a5 25. Kg2 Qb5 26. Rab1 Qb4 27. Nf1 Qb5 28. a4 Qa6
29. Rc3 b5 30. axb5 Qxb5 31. Ra3 Ra7 32. Rba1 Rca8 33. Qc1 Rb8 34. Nd2 Nc8 35.
Nc4 Rba8 36. Ba4 Qb4 37. Bxd4 cxd4 38. Rb3 Qc5 39. Bc6 a4 40. Rb5 1-0

[Event "18. Open de Sants Hostafrancs 2016"]
[Site "Barcelona ESP"]
[Date "2016.08.19"]
[Round "1.57"]
[White "Bracali, Andrea"]
[Black "Valdes Romero, Leonardo"]
[Result "1/2-1/2"]
[WhiteElo "2045"]
[BlackElo "2386"]
[PlyCount "175"]
[EventDate "2016.08.19"]
[EventType "swiss"]
[EventRounds "10"]
[EventCountry "ESP"]
[SourceTitle "Ajedrez en Madrid"]
[Source "lmi"]
[SourceDate "2016.08.19"]

1. d4 Nf6 2. Nc3 g6 3. e4 d6 4. Bg5 Bg7 5. e5 dxe5 6. dxe5 Ng4 7. Qxd8+ Kxd8 8.
Rd1+ Bd7 9. e6 fxe6 10. Bc4 Ke8 11. Nf3 Ne5 12. Nxe5 Bxe5 13. O-O Nc6 14. Rfe1
Rf8 15. Bh6 Rf5 16. g4 Bxc3 17. gxf5 Bxe1 18. fxe6 Bxe6 19. Bxe6 Bb4 20. Rd3
Ne5 21. Rb3 a5 22. Bg7 Nd7 23. Bg8 Nf6 24. Bxf6 exf6 25. a3 Bd6 26. Rxb7 Kd7
27. Bd5 Re8 28. b4 axb4 29. axb4 Re5 30. c4 Rg5+ 31. Bg2 Kc8 32. Rb5 Rxb5 33.
cxb5 Bxb4 34. Bc6 Kd8 35. Kg2 Ke7 36. f3 Kd6 37. h3 Be1 38. Be8 Ke6 39. Bc6 Ke5
40. Be8 Kd4 41. Bc6 Kc4 42. Be8 h6 43. Bc6 Kd4 44. Be4 g5 45. Bc6 Kc5 46. Be8
h5 47. Bc6 Bc3 48. Be8 Be5 49. Bc6 Kd4 50. Be8 Kc4 51. Bc6 f5 52. Be8 Bd6 53.
Bd7 Bf4 54. Be8 Bd6 55. Bd7 h4 56. Bc6 Kd4 57. Bd7 Ke5 58. Bc6 Kd4 59. Bd7 Kc4
60. Bc6 Kb4 61. Bd7 Bc5 62. Bc6 Ka5 63. Bd7 Ba7 64. Bc6 Kb6 65. Bd7 Kc5 66. Bc6
Kd6 67. Be8 Ke7 68. Bc6 Kf6 69. Bd7 Ke5 70. Bc6 Kd4 71. Bd7 f4 72. Bc6 Ke3 73.
Bd7 Bc5 74. Bc6 Bd6 75. Bd7 Be7 76. Be6 Bf6 77. Bd7 Bd4 78. Bc6 Bb6 79. Be8 g4
80. Bh5 gxf3+ 81. Bxf3 Ba5 82. Bc6 Bb4 83. Bf3 Kd4 84. Bc6 Bd6 85. Bf3 Kc5 86.
Bc6 Kd4 87. Bf3 Kc5 88. Bc6 1/2-1/2

[Event "18. Open de Sants Hostafrancs 2016"]
[Site "Barcelona ESP"]
[Date "2016.08.19"]
[Round "1.58"]
[White "Gemy, Jose Daniel"]
[Black "Comellas Blanchart, Jordi"]
[Result "1-0"]
[WhiteElo "2384"]
[BlackElo "2043"]
[PlyCount "65"]
[EventDate "2016.08.19"]
[EventType "swiss"]
[EventRounds "10"]
[EventCountry "ESP"]
[SourceTitle "Ajedrez en Madrid"]
[Source "lmi"]
[SourceDate "2016.08.19"]

1. d4 Nf6 2. c4 g6 3. Nc3 Bg7 4. Nf3 O-O 5. Bf4 d6 6. e3 Nbd7 7. h3 c6 8. Be2
Qe8 9. Bh2 Nb6 10. O-O Bf5 11. Qb3 Ne4 12. Nxe4 Bxe4 13. a4 e5 14. dxe5 dxe5
15. Ng5 Bf5 16. a5 Nd7 17. Qxb7 Qe7 18. e4 Qxg5 19. exf5 Nc5 20. Qxc6 Nb3 21.
fxg6 hxg6 22. Ra3 Nd4 23. Qe4 Rab8 24. Rd1 Rxb2 25. Bf1 Rd8 26. Rad3 f5 27. Qe3
f4 28. Qc1 Rdb8 29. Rxd4 exd4 30. Bxf4 Qf5 31. Bd3 Qf6 32. c5 R8b4 33. c6 1-0

[Event "18. Open de Sants Hostafrancs 2016"]
[Site "Barcelona ESP"]
[Date "2016.08.19"]
[Round "1.59"]
[White "Bielecki, Pawel"]
[Black "Konguvel, Ponnuswamy"]
[Result "0-1"]
[WhiteElo "2042"]
[BlackElo "2379"]
[PlyCount "85"]
[EventDate "2016.08.19"]
[EventType "swiss"]
[EventRounds "10"]
[EventCountry "ESP"]
[SourceTitle "Ajedrez en Madrid"]
[Source "lmi"]
[SourceDate "2016.08.19"]

1. e4 c5 2. Nc3 Nc6 3. Bb5 Nd4 4. Nf3 e6 5. O-O a6 6. Bd3 Ne7 7. Nxd4 cxd4 8.
Ne2 Nc6 9. c3 Bc5 10. b3 d5 11. Bb2 Ne5 12. Qb1 dxc3 13. dxc3 Qh4 14. Nd4 Nxd3
15. Qxd3 Qxe4 16. Qg3 O-O 17. Rae1 Qg6 18. Qc7 Bxd4 19. cxd4 f6 20. Rc1 Qe8 21.
Rc5 Rf7 22. Qd6 Bd7 23. Re1 Qf8 24. Qg3 Qb8 25. Qxb8+ Rxb8 26. f4 g5 27. Bc1 h6
28. Kf2 Rc8 29. Kf3 Bc6 30. Be3 Bd7 31. Ke2 Kg7 32. h4 gxf4 33. Bxf4 Kg6 34.
Kf3 h5 35. Bd6 Rg7 36. g3 Rgg8 37. Rec1 Bc6 38. Rf1 Rcd8 39. Bc7 Rc8 40. Bf4
Kf5 41. Rfc1 e5 42. Be3 Rge8 43. a4 0-1

[Event "18. Open de Sants Hostafrancs 2016"]
[Site "Barcelona ESP"]
[Date "2016.08.19"]
[Round "1.60"]
[White "Kvetny, Mark"]
[Black "Flores De Paco, David"]
[Result "0-1"]
[WhiteElo "2379"]
[BlackElo "2038"]
[PlyCount "136"]
[EventDate "2016.08.19"]
[EventType "swiss"]
[EventRounds "10"]
[EventCountry "ESP"]
[SourceTitle "Ajedrez en Madrid"]
[Source "lmi"]
[SourceDate "2016.08.19"]

1. d4 Nf6 2. c4 Nc6 3. Nf3 e6 4. Nc3 Bb4 5. Bd2 O-O 6. Qc2 d6 7. a3 Bxc3 8.
Bxc3 a5 9. e3 Re8 10. Bd3 e5 11. d5 Ne7 12. e4 Ng6 13. b3 Rf8 14. g3 Nxe4 15.
Bxe4 f5 16. Bd3 e4 17. O-O-O exf3 18. Rde1 Ne5 19. Bxe5 dxe5 20. Rxe5 Qd6 21.
Qb2 Bd7 22. Rhe1 Rae8 23. Kb1 Rxe5 24. Rxe5 Rf7 25. Re3 f4 26. gxf4 Qxf4 27. c5
Rf6 28. Bc4 b5 29. cxb6 cxb6 30. Re7 b5 31. Bd3 Bf5 32. Re3 h6 33. Qd2 Qd6 34.
Kb2 Bxd3 35. Rxd3 a4 36. b4 Rf8 37. Rd4 Qxh2 38. d6 Qe5 39. d7 Rd8 40. Kb1 Qe6
41. Qc3 Kh7 42. Qxf3 Kh8 43. Qc3 Qf6 44. f4 Qf5+ 45. Kb2 Qf6 46. Qc5 Kh7 47.
Qe5 Qf7 48. Qe4+ Kh8 49. Qd3 Qf6 50. Qc3 Kh7 51. Kc2 Kh8 52. Qd3 Qc6+ 53. Kd2
Qf6 54. Qe3 Qf7 55. Qd3 Qa2+ 56. Ke3 Qe6+ 57. Qe4 Qh3+ 58. Kd2 Qh2+ 59. Qe2 Qh4
60. Qxb5 Qf2+ 61. Kc3 Qe3+ 62. Rd3 Qc1+ 63. Kd4 Qxf4+ 64. Kc5 Qc1+ 65. Qc4 Qg5+
66. Rd5 Qe7+ 67. Kc6 Qe6+ 68. Kc7 Rxd7+ 0-1

[Event "18. Open de Sants Hostafrancs 2016"]
[Site "Barcelona ESP"]
[Date "2016.08.19"]
[Round "1.61"]
[White "Roubert, Emile"]
[Black "Lujan, Carolina"]
[Result "0-1"]
[WhiteElo "2038"]
[BlackElo "2378"]
[PlyCount "60"]
[EventDate "2016.08.19"]
[EventType "swiss"]
[EventRounds "10"]
[EventCountry "ESP"]
[SourceTitle "Ajedrez en Madrid"]
[Source "lmi"]
[SourceDate "2016.08.19"]

1. e4 d6 2. d4 Nf6 3. Nc3 g6 4. g3 Bg7 5. Bg2 O-O 6. Nge2 c6 7. a4 a5 8. O-O
Na6 9. h3 e5 10. Be3 Nb4 11. Na2 exd4 12. Bxd4 Re8 13. Nac3 b6 14. Re1 Ba6 15.
Qd2 Qc7 16. Rac1 Rab8 17. g4 Qe7 18. Ng3 c5 19. Be3 Rbd8 20. Bg5 Qf8 21. Qf4
Re6 22. e5 dxe5 23. Rxe5 Rd4 24. Nce4 Nfd5 25. Rxd5 Nxd5 26. Qf3 f5 27. gxf5
gxf5 28. Nd2 Rg6 29. Be3 Nxe3 30. fxe3 Rxd2 0-1

[Event "18. Open de Sants Hostafrancs 2016"]
[Site "Barcelona ESP"]
[Date "2016.08.19"]
[Round "1.63"]
[White "Castillo Dalmau, Albert"]
[Black "Zwirs, Nico"]
[Result "0-1"]
[WhiteElo "2035"]
[BlackElo "2374"]
[PlyCount "76"]
[EventDate "2016.08.19"]
[EventType "swiss"]
[EventRounds "10"]
[EventCountry "ESP"]
[SourceTitle "Ajedrez en Madrid"]
[Source "lmi"]
[SourceDate "2016.08.19"]

1. c4 Nf6 2. g3 g6 3. Bg2 Bg7 4. Nc3 O-O 5. e4 e5 6. Nge2 d6 7. O-O Nbd7 8. d3
c6 9. h3 a6 10. Be3 b5 11. b4 Rb8 12. Rb1 bxc4 13. dxc4 Nb6 14. Qd3 Be6 15. c5
dxc5 16. Qxd8 Rfxd8 17. Bxc5 Nc4 18. Rfd1 Nd7 19. Be7 Re8 20. Bd6 Nxd6 21. Rxd6
Rec8 22. Rdd1 Bf8 23. a3 Nb6 24. Nc1 Nc4 25. Ra1 Nxa3 26. Rxa3 Bxb4 27. Nb1
Bxa3 28. Nxa3 Rd8 29. Rxd8+ Rxd8 30. Bf3 Rd4 31. h4 Ra4 32. Nc2 Rc4 33. Bd1 Bg4
34. Bxg4 Rxc2 35. Nd3 a5 36. Kf1 a4 37. Nb4 Rb2 38. Nd3 a3 0-1

[Event "18. Open de Sants Hostafrancs 2016"]
[Site "Barcelona ESP"]
[Date "2016.08.19"]
[Round "1.64"]
[White "Panelo, Marcelo"]
[Black "Rodriguez Regull, German"]
[Result "1-0"]
[WhiteElo "2373"]
[BlackElo "2034"]
[PlyCount "37"]
[EventDate "2016.08.19"]
[EventType "swiss"]
[EventRounds "10"]
[EventCountry "ESP"]
[SourceTitle "Ajedrez en Madrid"]
[Source "lmi"]
[SourceDate "2016.08.19"]

1. d4 Nf6 2. c4 e6 3. Nf3 b6 4. a3 Bb7 5. Nc3 d5 6. cxd5 Nxd5 7. Bd2 c5 8. e4
Nf6 9. Bb5+ Nbd7 10. d5 exd5 11. e5 Ne4 12. Nxe4 dxe4 13. e6 fxe6 14. Ne5 Bc8
15. Qh5+ g6 16. Nxg6 Rg8 17. Ne5+ Rg6 18. Nxg6 Bg7 19. Ne5+ 1-0

[Event "18. Open de Sants Hostafrancs 2016"]
[Site "Barcelona ESP"]
[Date "2016.08.19"]
[Round "1.65"]
[White "Egartner, Wolfgang"]
[Black "Gullaksen, Eirik"]
[Result "0-1"]
[WhiteElo "2027"]
[BlackElo "2361"]
[PlyCount "116"]
[EventDate "2016.08.19"]
[EventType "swiss"]
[EventRounds "10"]
[EventCountry "ESP"]
[SourceTitle "Ajedrez en Madrid"]
[Source "lmi"]
[SourceDate "2016.08.19"]

1. d4 g6 2. e4 Bg7 3. Nf3 d6 4. Nc3 Nf6 5. Be2 O-O 6. O-O a6 7. e5 dxe5 8. dxe5
Ng4 9. Bf4 Nc6 10. e6 Bxe6 11. Ng5 Qxd1 12. Bxd1 Bd7 13. Bxc7 Rac8 14. Bb6 Nb4
15. Nge4 Ne5 16. Bc5 Nbc6 17. Nd5 Rce8 18. Be2 Bf5 19. f3 Nd7 20. Bf2 Bxe4 21.
fxe4 e6 22. Nf4 Rc8 23. c3 Nce5 24. Rad1 Nc5 25. Bxc5 Rxc5 26. Nd3 Rc7 27. Nxe5
Bxe5 28. Rd2 Rfc8 29. Rfd1 Kf8 30. Rd8+ Ke7 31. Rxc8 Rxc8 32. g3 h5 33. Kg2 h4
34. Rd3 b5 35. Rd2 Bf6 36. g4 Bg5 37. Rd3 Rc5 38. h3 Bc1 39. b3 Kf6 40. c4 b4
41. Rd1 Bg5 42. Bd3 Ke5 43. Bb1 Rc6 44. Kf3 a5 45. Rd7 Rd6 46. Rxd6 Kxd6 47.
Ke2 Be7 48. Bd3 Kc5 49. Ke3 Bg5+ 50. Kf3 Kd4 51. Bf1 Be7 52. Be2 Bc5 53. g5 Kc3
54. Kg4 Kb2 55. Kxh4 Kxa2 56. Bd1 Kb2 57. Kg4 Kc1 58. Bf3 e5 0-1

[Event "18. Open de Sants Hostafrancs 2016"]
[Site "Barcelona ESP"]
[Date "2016.08.19"]
[Round "1.66"]
[White "Mihajlov, Sebastian"]
[Black "Manelidis, Savvas"]
[Result "1-0"]
[WhiteElo "2356"]
[BlackElo "2027"]
[PlyCount "87"]
[EventDate "2016.08.19"]
[EventType "swiss"]
[EventRounds "10"]
[EventCountry "ESP"]
[SourceTitle "Ajedrez en Madrid"]
[Source "lmi"]
[SourceDate "2016.08.19"]

1. d4 Nf6 2. c4 g6 3. Nc3 Bg7 4. e4 d6 5. Nf3 O-O 6. h3 e5 7. d5 a5 8. Be3 Na6
9. g4 Nd7 10. a3 Nac5 11. Nd2 f5 12. gxf5 gxf5 13. exf5 Rxf5 14. Nde4 Qe7 15.
Rg1 Rf4 16. Qc2 Nf6 17. Nxc5 dxc5 18. Bxf4 exf4+ 19. Qe2 Qf7 20. O-O-O Bf5 21.
Qf3 Re8 22. Qxf4 Nh5 23. Qg5 Bg6 24. Bd3 Nf4 25. Bxg6 hxg6 26. Rg4 Re5 27. Qh4
Rh5 28. Qd8+ Kh7 29. Ne4 Qf5 30. Qxc7 Ne2+ 31. Kb1 Rxh3 32. Ka2 Kh6 33. Rg3
Nxg3 34. Nxg3 Qxf2 35. Qxb7 Rxg3 36. Rh1+ Kg5 37. Qxg7 Rxa3+ 38. Kxa3 Qf3+ 39.
Ka2 Qxh1 40. Qe7+ Kh6 41. Qxc5 Qf3 42. Qd4 a4 43. d6 a3 44. d7 1-0

[Event "18. Open de Sants Hostafrancs 2016"]
[Site "Barcelona ESP"]
[Date "2016.08.19"]
[Round "1.67"]
[White "Guix Torres, David"]
[Black "Webersberger, Johann"]
[Result "0-1"]
[WhiteElo "2026"]
[BlackElo "2356"]
[PlyCount "94"]
[EventDate "2016.08.19"]
[EventType "swiss"]
[EventRounds "10"]
[EventCountry "ESP"]
[SourceTitle "Ajedrez en Madrid"]
[Source "lmi"]
[SourceDate "2016.08.19"]

1. e4 g6 2. d4 Bg7 3. Nc3 d6 4. Be3 a6 5. Qd2 b5 6. h4 h6 7. Bd3 Nd7 8. Nf3 Bb7
9. a4 b4 10. Ne2 c5 11. h5 g5 12. c3 bxc3 13. bxc3 e6 14. Rb1 Qc7 15. Ng3 Ne7
16. O-O Bc6 17. Bc2 Qa5 18. Rfd1 Rd8 19. Bb3 d5 20. e5 f5 21. exf6 Bxf6 22. Nh2
cxd4 23. cxd4 Qxd2 24. Rxd2 Rb8 25. a5 O-O 26. Bc2 Rxb1+ 27. Bxb1 Rb8 28. Bd3
Bb5 29. Ng4 Bg7 30. Bc2 Rf8 31. Bb3 Nc6 32. Ra2 Nf6 33. Nxf6+ Bxf6 34. Ba4 Rb8
35. f4 Bxd4 36. Bxd4 Nxd4 37. fxg5 hxg5 38. Bxb5 Rxb5 39. Rf2 Kg7 40. Rd2 Nf5
41. Nxf5+ exf5 42. Rc2 Kh6 43. Rc6+ Kxh5 44. Rxa6 Kg4 45. Kh2 f4 46. Ra7 Rb2
47. Rf7 Ra2 0-1

[Event "18. Open de Sants Hostafrancs 2016"]
[Site "Barcelona ESP"]
[Date "2016.08.19"]
[Round "1.68"]
[White "Lorenzo De La Riva, Lazaro"]
[Black "Nineuil, Vincent"]
[Result "1-0"]
[WhiteElo "2355"]
[BlackElo "2024"]
[PlyCount "121"]
[EventDate "2016.08.19"]
[EventType "swiss"]
[EventRounds "10"]
[EventCountry "ESP"]
[SourceTitle "Ajedrez en Madrid"]
[Source "lmi"]
[SourceDate "2016.08.19"]

1. e4 e6 2. d4 d5 3. Nc3 Bb4 4. e5 c5 5. a3 Bxc3+ 6. bxc3 Qa5 7. Bd2 Qa4 8. Qb1
c4 9. Ne2 Nc6 10. Nf4 g6 11. h4 h6 12. Be2 Bd7 13. g3 O-O-O 14. Ng2 f5 15. Qc1
Be8 16. Kf1 Bf7 17. Ne1 Rd7 18. Kg2 Be8 19. Nf3 Rdh7 20. Qb2 Nge7 21. Rhb1 b6
22. Qc1 Bf7 23. Qb2 Kc7 24. Ra2 Ra8 25. Qb5 Qxb5 26. Rxb5 Na5 27. a4 Nec6 28.
Rb1 Rg8 29. Rh1 Ne7 30. Ng1 Rgg7 31. Nh3 Be8 32. f3 Bd7 33. g4 Rg8 34. Nf4 Rgg7
35. Raa1 Kd8 36. Kf2 Ke8 37. Ng2 Rf7 38. Ke1 Rfg7 39. Be3 Kf7 40. Kd2 Kg8 41.
Ke1 Kf7 42. Bc1 Kg8 43. Ba3 Kf7 44. Nf4 Bc8 45. Kd2 Bd7 46. Bb4 Nec6 47. gxf5
gxf5 48. Nh5 Rg6 49. Nf6 Rxf6 50. exf6 Nxb4 51. cxb4 Nc6 52. c3 e5 53. b5 Na5
54. dxe5 Nb3+ 55. Ke3 Nxa1 56. Rxa1 Rh8 57. Rg1 Rg8 58. Rxg8 Kxg8 59. Kd4 Be6
60. f4 Bf7 61. Bf3 1-0

[Event "18. Open de Sants Hostafrancs 2016"]
[Site "Barcelona ESP"]
[Date "2016.08.19"]
[Round "1.69"]
[White "Sanz Losada, Victoriano"]
[Black "Guichard, Pauline"]
[Result "0-1"]
[WhiteElo "2020"]
[BlackElo "2353"]
[PlyCount "72"]
[EventDate "2016.08.19"]
[EventType "swiss"]
[EventRounds "10"]
[EventCountry "ESP"]
[SourceTitle "Ajedrez en Madrid"]
[Source "lmi"]
[SourceDate "2016.08.19"]

1. e4 e5 2. Nf3 Nc6 3. Bb5 Nge7 4. Nc3 d6 5. d4 Bd7 6. dxe5 Nxe5 7. Nxe5 dxe5
8. Bxd7+ Qxd7 9. Qxd7+ Kxd7 10. Be3 Nc8 11. O-O-O+ Nd6 12. Rd5 Ke6 13. Rhd1 c6
14. R5d3 Nc4 15. Rd7 Nxe3 16. fxe3 Rb8 17. R1d3 Bc5 18. Kd2 Rhf8 19. Na4 Bd4
20. R7xd4 exd4 21. Nc5+ Ke7 22. exd4 b6 23. Na6 Rbc8 24. b4 Rfd8 25. c4 Rd6 26.
Ke3 Rh6 27. h3 Rg6 28. Kf2 Rf6+ 29. Ke2 Kd7 30. c5 Re8 31. e5 Rg6 32. Kf2 f6
33. a4 fxe5 34. dxe5+ Kc8 35. Rf3 Rxe5 36. Rf8+ Kb7 0-1

[Event "18. Open de Sants Hostafrancs 2016"]
[Site "Barcelona ESP"]
[Date "2016.08.19"]
[Round "1.70"]
[White "Colmenares, Aurelio"]
[Black "Sanz Wawer, Daniel"]
[Result "1-0"]
[WhiteElo "2350"]
[BlackElo "2014"]
[PlyCount "113"]
[EventDate "2016.08.19"]
[EventType "swiss"]
[EventRounds "10"]
[EventCountry "ESP"]
[SourceTitle "Ajedrez en Madrid"]
[Source "lmi"]
[SourceDate "2016.08.19"]

1. d4 Nf6 2. c4 e6 3. Nf3 d5 4. Nc3 c6 5. e3 dxc4 6. Bxc4 b5 7. Bd3 a6 8. e4 c5
9. dxc5 Bxc5 10. O-O b4 11. Na4 Be7 12. Qe2 O-O 13. e5 Nd5 14. Qe4 g6 15. Bh6
Re8 16. Rac1 Nd7 17. h4 Bf8 18. Bxf8 Rxf8 19. Qd4 Bb7 20. Ng5 Qe7 21. f4 Rac8
22. Qf2 Rc6 23. Be4 Rfc8 24. Rcd1 Nc5 25. Bxd5 exd5 26. Nxc5 Rxc5 27. Nf3 Rc2
28. Rd2 Rxd2 29. Qxd2 Rc4 30. f5 gxf5 31. Qh6 Rc6 32. Qf4 Rg6 33. Rc1 d4 34. h5
Rg4 35. Qxf5 Qe6 36. Qf6 Qxf6 37. exf6 h6 38. Kf2 Rf4 39. Kg3 Rxf6 40. Nxd4 Rd6
41. Nf5 Rd2 42. Nxh6+ Kh7 43. Nxf7 Rxg2+ 44. Kh4 Rxb2 45. Rc7 Bd5 46. Ne5+ Kg8
47. h6 Rh2+ 48. Kg5 Bxa2 49. Rg7+ Kf8 50. Ng6+ Ke8 51. h7 Rxh7 52. Rxh7 b3 53.
Rh2 a5 54. Ne5 a4 55. Nc4 Ke7 56. Kf4 Bb1 57. Ke3 1-0

[Event "18. Open de Sants Hostafrancs 2016"]
[Site "Barcelona ESP"]
[Date "2016.08.19"]
[Round "1.71"]
[White "Erlandsen, Carsten"]
[Black "Cruz, Filemon"]
[Result "0-1"]
[WhiteElo "2013"]
[BlackElo "2349"]
[PlyCount "90"]
[EventDate "2016.08.19"]
[EventType "swiss"]
[EventRounds "10"]
[EventCountry "ESP"]
[SourceTitle "Ajedrez en Madrid"]
[Source "lmi"]
[SourceDate "2016.08.19"]

1. d4 Nf6 2. c4 e6 3. Nf3 a6 4. g3 c5 5. Bg2 cxd4 6. O-O Qc7 7. Qxd4 Nc6 8. Qd3
Be7 9. b3 O-O 10. Bb2 Rd8 11. Nc3 d6 12. Rac1 Nb8 13. Rfd1 Nbd7 14. e4 b6 15.
Nd2 Bb7 16. Nf1 Rac8 17. Ne3 Qb8 18. f3 h5 19. Ba3 h4 20. Qe2 hxg3 21. hxg3 Bf8
22. Rd2 d5 23. Bxf8 Nxf8 24. exd5 Qxg3 25. Rcd1 Re8 26. d6 Red8 27. Qf2 Qg6 28.
Na4 N8d7 29. Kf1 b5 30. Nb2 Nh5 31. b4 bxc4 32. Nbxc4 Qg5 33. Rd4 Nf4 34. Na5
Ba8 35. Nac4 Rc6 36. Bh1 Qh6 37. Bg2 Rdc8 38. Ng4 Qg5 39. Nge3 f5 40. Bh1 e5
41. R4d2 Qh5 42. Bg2 Nxg2 43. Kxg2 Rxc4 44. Nxc4 Rxc4 45. Qe2 Rh4 0-1

[Event "18. Open de Sants Hostafrancs 2016"]
[Site "Barcelona ESP"]
[Date "2016.08.19"]
[Round "1.72"]
[White "Bergez, Luc"]
[Black "Torres Novalbos, David"]
[Result "1-0"]
[WhiteElo "2344"]
[BlackElo "2011"]
[PlyCount "65"]
[EventDate "2016.08.19"]
[EventType "swiss"]
[EventRounds "10"]
[EventCountry "ESP"]
[SourceTitle "Ajedrez en Madrid"]
[Source "lmi"]
[SourceDate "2016.08.19"]

1. e4 d5 2. exd5 Qxd5 3. Nc3 Qd6 4. d4 Nf6 5. Nf3 c6 6. g3 Bg4 7. Bg2 e6 8. O-O
Be7 9. a3 O-O 10. Bf4 Qd8 11. h3 Bh5 12. g4 Bg6 13. Ne5 Nbd7 14. Nxg6 hxg6 15.
Qe2 Nb6 16. Be5 Nbd5 17. Na2 Bd6 18. f4 Ne8 19. c4 Ne7 20. Nc3 Qd7 21. Rad1 Bc7
22. Kh1 Bxe5 23. dxe5 Qc7 24. Ne4 c5 25. Qf2 Rc8 26. Ng5 f6 27. Nxe6 Qb6 28.
Nxf8 Kxf8 29. Rd7 Rc7 30. Rfd1 Nc6 31. Qh4 Rxd7 32. Rxd7 Kg8 33. Bd5+ 1-0

[Event "18. Open de Sants Hostafrancs 2016"]
[Site "Barcelona ESP"]
[Date "2016.08.19"]
[Round "1.73"]
[White "Moreno Garcia, Elizabeth Paola"]
[Black "Hansen, Mads"]
[Result "1/2-1/2"]
[WhiteElo "2005"]
[BlackElo "2344"]
[PlyCount "119"]
[EventDate "2016.08.19"]
[EventType "swiss"]
[EventRounds "10"]
[EventCountry "ESP"]
[SourceTitle "Ajedrez en Madrid"]
[Source "lmi"]
[SourceDate "2016.08.19"]

1. e4 c5 2. c3 d5 3. exd5 Nf6 4. d4 Nxd5 5. Nf3 cxd4 6. Nxd4 e5 7. Bb5+ Bd7 8.
Qe2 f6 9. O-O Nc6 10. Nxc6 bxc6 11. Bd3 Bc5 12. Qh5+ Ke7 13. b4 Bd6 14. a3 g6
15. Qh4 Kf7 16. c4 Nc7 17. Bb2 Ne6 18. c5 Bc7 19. Bc4 Qe7 20. Nd2 Kg7 21. Bxe6
Bxe6 22. f4 Rhe8 23. fxe5 Bxe5 24. Bxe5 fxe5 25. Qxe7+ Rxe7 26. Ne4 a5 27. Nd6
Bd5 28. Rab1 axb4 29. axb4 e4 30. Ra1 Rb8 31. Rab1 Ra7 32. Rfe1 Ra2 33. Re3 Rf8
34. Nxe4 Re8 35. Rbe1 Rb2 36. h3 Rxb4 37. Nd6 Rxe3 38. Rxe3 Rb2 39. g3 Rg2+ 40.
Kf1 Rc2 41. Re7+ Kf6 42. Rxh7 Rxc5 43. Ne8+ Ke5 44. Re7+ Kd4 45. Nf6 Bc4+ 46.
Kg2 Rf5 47. Re4+ Kd3 48. Rf4 Rxf4 49. gxf4 Be6 50. Ng4 c5 51. Ne5+ Ke3 52. Kg3
Ke4 53. Nxg6 c4 54. Kf2 Bf7 55. Ne5 c3 56. Ke2 Bh5+ 57. Ng4 Bxg4+ 58. hxg4 Kxf4
59. Kd3 Kxg4 60. Kxc3 1/2-1/2

[Event "18. Open de Sants Hostafrancs 2016"]
[Site "Barcelona ESP"]
[Date "2016.08.19"]
[Round "1.74"]
[White "Diaz Camallonga, Carles"]
[Black "Burton, Graham P"]
[Result "1-0"]
[WhiteElo "2336"]
[BlackElo "2001"]
[PlyCount "81"]
[EventDate "2016.08.19"]
[EventType "swiss"]
[EventRounds "10"]
[EventCountry "ESP"]
[SourceTitle "Ajedrez en Madrid"]
[Source "lmi"]
[SourceDate "2016.08.19"]

1. e4 c5 2. Nf3 e6 3. d4 cxd4 4. Nxd4 Nc6 5. Nb5 d6 6. c4 Nf6 7. N1c3 a6 8. Na3
b6 9. Be3 Be7 10. Be2 Bb7 11. O-O Ne5 12. f3 O-O 13. Rc1 Qc7 14. Qd2 Rac8 15.
Rfe1 Ned7 16. Kh1 Rfe8 17. Bg1 Qb8 18. Nc2 Ba8 19. Nd4 Bf8 20. b3 g6 21. Bf1
Ne5 22. Bf2 Red8 23. Qb2 Bb7 24. Nc2 Ned7 25. Na4 Bc6 26. Nb4 Bxa4 27. bxa4 Bg7
28. Qa3 Nc5 29. a5 bxa5 30. Qxa5 Nfd7 31. Rb1 Bc3 32. Rec1 Bxb4 33. Rxb4 Qc7
34. Qxc7 Rxc7 35. Rd1 Ne5 36. Rb6 Rc6 37. Rxc6 Nxc6 38. e5 Nb7 39. Bb6 Rd7 40.
f4 a5 41. c5 1-0

[Event "18. Open de Sants Hostafrancs 2016"]
[Site "Barcelona ESP"]
[Date "2016.08.19"]
[Round "1.75"]
[White "Menac Comas, Joan Ramon"]
[Black "Tate, Alan"]
[Result "0-1"]
[WhiteElo "2000"]
[BlackElo "2329"]
[PlyCount "68"]
[EventDate "2016.08.19"]
[EventType "swiss"]
[EventRounds "10"]
[EventCountry "ESP"]
[SourceTitle "Ajedrez en Madrid"]
[Source "lmi"]
[SourceDate "2016.08.19"]

1. e4 c5 2. Nf3 d6 3. d4 Nf6 4. Nc3 cxd4 5. Qxd4 a6 6. Bg5 Nc6 7. Qd2 e6 8.
O-O-O h6 9. Bh4 Be7 10. h3 b5 11. Qe3 Qc7 12. g4 Bb7 13. Bg3 Rc8 14. Bd3 Qa5
15. Nd2 O-O 16. Nb3 Qc7 17. Kb1 b4 18. Na4 Ne5 19. Rc1 Bc6 20. Nb6 Rb8 21. Bxe5
dxe5 22. Nc4 Bb5 23. Nba5 Rfc8 24. Rhg1 Nd7 25. g5 Bxg5 26. Rxg5 hxg5 27. Qxg5
Qd8 28. Qg3 Qf6 29. Nd6 Rc7 30. Bxb5 axb5 31. Rd1 Nf8 32. Rd3 Ng6 33. Rb3 Rd7
34. Nc6 Rxd6 0-1